ZKM Gdynia - 33 - Statystyki

Ogólne statystyki
  • Ten quiz został rozwiązany 12 razy
  • Średni wynik to 20 z 23
Statystyki odpowiedzi
Odpowiedź Ulica % Poprawnych
Brzechwy Brzechwy
100%
Karwiny PKM Wielkopolska
100%
Karwiny Tuwima Makuszyńskiego
100%
Lidzka Wielkopolska
100%
Myśliwska Chwaszczyńska
100%
Racławicka Wielkopolska
100%
Łowicka Wielkopolska
88%
Nałkowskiej Wielkopolska
88%
Olgierda Wielkopolska
88%
Plac Górnośląski Wielkopolska
88%
Plac Kaszubski - Świętojańska Świętojańska
88%
Redłowo SKM - Park Technologiczny Aleja Zwycięstwa
88%
Traugutta Świętojańska
88%
Urząd Miasta - Świętojańska Świętojańska
88%
Źródło Marii Wielkopolska
88%
Żwirki i Wigury Świętojańska
88%
Zwycięstwa - Wielkopolska Aleja Zwycięstwa
88%
Centrum Nauki Experyment Aleja Zwycięstwa
75%
Gdynia Dworzec Gł. PKP Pl. Konstytucji
75%
Gdynia Dworzec Gł. PKP - Hala Jana z Kolna
75%
Harcerska Aleja Zwycięstwa
75%
Plac Kaszubski - Jana z Kolna Jana z Kolna
75%
Skwer Kościuszki - InfoBox Świętojańska
75%
Nie znaleziono quizów pasujących do podanych kryteriów
Rozkład punktacji
Procent ludzi z każdym wynikiem
Percentyl według liczby udzielonych odpowiedzi
Twoja historia wyników
Nie rozwiązałeś tego quizu